<?xml version="1.0" encoding="UTF-8"?>
<record
    xmlns:xsi="http://www.w3.org/2001/XMLSchema-instance"
    xsi:schemaLocation="http://www.loc.gov/MARC21/slim http://www.loc.gov/standards/marcxml/schema/MARC21slim.xsd"
    xmlns="http://www.loc.gov/MARC21/slim">

  <leader>01812cam a2200241 i 4500</leader>
  <datafield tag="020" ind1=" " ind2=" ">
    <subfield code="a">9789388945875</subfield>
  </datafield>
  <datafield tag="041" ind1=" " ind2=" ">
    <subfield code="a">ENG</subfield>
  </datafield>
  <datafield tag="082" ind1=" " ind2=" ">
    <subfield code="a">230</subfield>
    <subfield code="b">PAT</subfield>
  </datafield>
  <datafield tag="100" ind1="1" ind2=" ">
    <subfield code="a">Patta, Raj Bharath,</subfield>
  </datafield>
  <datafield tag="245" ind1="1" ind2="0">
    <subfield code="a">Dalitekklesia : A Church from Below</subfield>
  </datafield>
  <datafield tag="260" ind1=" " ind2=" ">
    <subfield code="a">2020</subfield>
    <subfield code="b">ISPCK</subfield>
    <subfield code="c">2020</subfield>
  </datafield>
  <datafield tag="300" ind1=" " ind2=" ">
    <subfield code="a">xxxi, 160 pages ;</subfield>
  </datafield>
  <datafield tag="490" ind1="0" ind2=" ">
    <subfield code="a">Reimagining church as event : perspectives from the margins</subfield>
  </datafield>
  <datafield tag="505" ind1="0" ind2=" ">
    <subfield code="a">Foreword - Colin Cowan -- Introduction - Praveen P.S. Perumalla -- Acknowledgements -- Prologue -- Part 1. The Locality of Dalitekklesia : Peta. chapter 1. Can we talk about caste in our church? -- chapter 2. The locality of Dalit Peta : mission discourses -- chapter 3. Listening to Ambedkar at our Peta : cast out caste -- chapter 4. Pain, pathos and Peta : A.P. Nirmal's Dalit theology -- Part II. The locus of Dalitekklesia : perspectives. chapter 5. Multiple identities of Dalit Christians : perspectives &amp; possibilities -- chapter 6. When my grandma Annamma, Martin Luther &amp; Pope Francis meet : a conversational reflection on reformation -- chapter 7. Dalits, Palestinians and tribal Adivasis in their quest for common struggle -- Part III. The localisation of Dalitekklesia : public witness. chapter 8. Remembering Ilavarasan, interrogating casteism : reimagining Christian public witness in India -- chapter 9. Fighting impunity : the saga of a victim of torture : reflection on Esther 1 -- chapter 10. When a thirsty Hagar speaks... : based on genesis 21:8-21 -- chapter 11. To Paul : a letter from Onesimus in response to Philemon 1 -- Afterword - N. Paul Divakar.</subfield>
  </datafield>
  <datafield tag="650" ind1=" " ind2="0">
    <subfield code="a">Theology, Doctrinal</subfield>
  </datafield>
  <datafield tag="650" ind1=" " ind2="0">
    <subfield code="a">Dalits</subfield>
  </datafield>
  <datafield tag="650" ind1=" " ind2="0">
    <subfield code="a">Dalits</subfield>
  </datafield>
  <datafield tag="650" ind1=" " ind2="0">
    <subfield code="a">Christian converts</subfield>
  </datafield>
  <datafield tag="650" ind1=" " ind2="0">
    <subfield code="a">Caste</subfield>
  </datafield>
  <datafield tag="650" ind1=" " ind2="0">
    <subfield code="a">Church work with people with social disabilities</subfield>
  </datafield>
  <datafield tag="650" ind1=" " ind2="0">
    <subfield code="a">Marginality, Social</subfield>
  </datafield>
  <datafield tag="942" ind1=" " ind2=" ">
    <subfield code="c">BK</subfield>
  </datafield>
  <datafield tag="952" ind1=" " ind2=" ">
    <subfield code="0">0</subfield>
    <subfield code="1">0</subfield>
    <subfield code="4">0</subfield>
    <subfield code="7">0</subfield>
    <subfield code="a">HMI</subfield>
    <subfield code="b">HMI</subfield>
    <subfield code="c">GEN</subfield>
    <subfield code="d">2025-10-08</subfield>
    <subfield code="e">Director</subfield>
    <subfield code="g">180.00</subfield>
    <subfield code="l">0</subfield>
    <subfield code="o">230 PAT</subfield>
    <subfield code="p">11004503</subfield>
    <subfield code="r">2025-10-08</subfield>
    <subfield code="w">2025-10-08</subfield>
    <subfield code="y">BK</subfield>
  </datafield>
  <datafield tag="999" ind1=" " ind2=" ">
    <subfield code="c">23628</subfield>
    <subfield code="d">23628</subfield>
  </datafield>
</record>
